LEADER 01331nam a2200301 u 4500 001 000000061759 003 CaOOAMICUS 005 20070226121047.0 008 010913s1984 it u000 u ita u 035 $a10902597 040 $aPUL(R)$bita 041 1 $aita$hger 100 1 $aSchelsky, Helmut,$d1912-$0(OLS)http://pul/name/42111 240 10$aHoffnung Blochs.$lItaliano.$0(OLS)http://pul/title/82443 245 14$aGli equivoci di una speranza :$bgioventù e marxismo in Ernst Bloch /$cHelmut Schelsky ; prefazione di Armando Plebe. 260 $aRoma :$bArmando,$c1984. 300 $a158 p. ;$c22 cm 490 1 $aFilosofia e problemi d'oggi ;$v85 500 $aContiene indici. 600 14$aBloch, Ernst,$d1885-1977$xPensiero politico e sociale.$0(OLS)http://pul/subject/23550 700 1 $aPlebe, Armando,$d1927-$0(OLS)http://pul/name/23861 830 0$aFilosofia e problemi d'oggi ;$v85.$0(OLS)http://pul/title/7949 850 $aPUL 852 $aPUL$W1$xDP1 Cons. Gen., Altre Classi 1$y22$m45 C 40$j80407$nBK-PRI$b $qStampati$B80407$CPULBib$Z2$F80407 $H $81 941 1 $a8 961 $aINV: 52760 996 $6245$aGli equivoci di una speranza :$bgioventù e marxismo in Ernst Bloch$9(OLS)http://pul/title/82444 996 $6260$aRoma :$bArmando$9(OLS)http://pul/publisher/55055 LEADER 01205nam a2200301 a 4500 001 000000148096 003 CaOOAMICUS 005 20151211134824.0 008 151211s1971 it u000 u ita r 032 $aLibriCat 040 $aPUL$bita 041 1 $aita$hfre 100 1 $aNédoncelle, Maurice,$d1905-$0(OLS)http://pul/name/5761 240 10$aChrétien apprtient à deux mondes.$lItaliano.$0(OLS)http://pul/title/186867 245 10$aBipolarità del cristiano /$cMaurice Nédoncelle ; edizione italiana a cura di Crispino Valenziano. 260 $aRoma :$bA.V.E.,$cc1971. 300 $a199 p. ;$c22 cm. 490 1 $aSaggi ;$v09 504 $aBibliografia in nota. 650 4$aCristianesimo$xStudi.$0(OLS)http://pul/subject/5622 700 1 $aValenziano, Crispino.$0(OLS)http://pul/name/41985 830 0$aSaggi (A.V.E.) ;$v09.$0(OLS)http://pul/title/80225 850 $aPUL 852 $aPUL$W1$xDP1 Fondo Bordoni$y120$m3 B 84$j162987$qFondi$B171927$CPULBib$Z2$F171927 $HBor76 $81 941 1 $a1 996 $6245$aBipolarità del cristiano$9(OLS)http://pul/title/186868 996 $6260$aRoma :$bA.V.E.$9(OLS)http://pul/publisher/47979